NFL Interceptions Leaders by Year - Statistics

General Stats
  • This quiz has been taken 91 times
    19 since last reset
  • The average score is 20 of 45
Answer Stats
Year Team Int Player % Correct
2021 Cowboys 11 Trevon Diggs
94%
2010 Ravens 8 Ed Reed
83%
2008 Ravens 9 Ed Reed
83%
2004 Ravens 9 Ed Reed
83%
2025 Bears 7 Kevin Byard
83%
2017 Titans 8 Kevin Byard
83%
2022 Steelers 6 Minkah Fitzpatrick
83%
2023 Cowboys 9 DaRon Bland
78%
2024 Lions 9 Kerby Joseph
78%
2019 Patriots 6 Stephon Gilmore
78%
2011 Packers 7 Charles Woodson
72%
2009 Packers 9 Charles Woodson
72%
2002 Raiders 8 Rod Woodson
72%
2017 Lions 8 Darius Slay
67%
2013 Seahawks 8 Richard Sherman
67%
2022 Seahawks 6 Riq Woolen
67%
2019 Bills 6 Tre'Davious White
67%
2020 Dolphins 10 Xavien Howard
67%
2018 Dolphins 7 Xavien Howard
67%
2022 Broncos 6 Justin Simmons
61%
2015 Chiefs 8 Marcus Peters
50%
2006 Broncos 10 Champ Bailey
44%
2019 Vikings 6 Anthony Harris
39%
2022 Eagles 6 C.J. Gardner-Johnson
39%
2018 Bears 7 Kyle Fuller
39%
2005 Jets 10 Ty Law
39%
2007 Chargers 10 Antonio Cromartie
28%
2016 Chargers 7 Casey Hayward
28%
2011 Chargers 7 Eric Weddle
28%
2001 Buccaneers 10 Ronde Barber
28%
2009 Eagles 9 Asante Samuel
22%
2006 Patriots 10 Asante Samuel
22%
2009 Saints 9 Darren Sharper
22%
2000 Packers 9 Darren Sharper
22%
2014 Lions 7 Glover Quin
11%
2012 Bears 9 Tim Jennings
11%
2001 Browns 10 Anthony Henry
6%
2002 Buccaneers 8 Brian Kelly
6%
2003 Vikings 9 Brian Russell
6%
2018 Falcons 7 Damontae Kazee
6%
2005 Bengals 10 Deltha O'Neal
6%
2009 Bills 9 Jairus Byrd
6%
2011 Patriots 7 Kyle Arrington
6%
2015 Bengals 8 Reggie Nelson
6%
2003 49ers 9 Tony Parrish
6%
No matching quizzes found
Score Distribution
Percent of People with Each Score
Percentile by Number Answered
Your Score History
You have not taken this quiz since the last reset